| 000 | 01917cam a22004094a 4500 | ||
|---|---|---|---|
| 001 | 262883057 | ||
| 003 | OSt | ||
| 005 | 20150408114101.0 | ||
| 007 | co ugu|||||||| | ||
| 008 | 090109s2010 moua 001 0 eng | ||
| 010 | _a2009000728 | ||
| 020 | _a9780323054911 (hardcover : alk. paper) | ||
| 020 | _a0323054919 (hardcover : alk. paper) | ||
| 020 | _a9780323054928 (pbk. : alk. paper) | ||
| 020 | _a0323054927 (pbk. : alk. paper) | ||
| 035 | _a(OCoLC)262883057 | ||
| 040 | _aMa-Un | ||
| 042 | _apcc | ||
| 082 | 0 | 0 |
_a612 _222 |
| 100 | 1 |
_aThibodeau, Gary A., _d1938- _95282 |
|
| 245 | 1 | 4 |
_aThe human body in health & disease / _cGary A. Thibodeau, Kevin T. Patton. |
| 246 | 3 | _aHuman body in health and disease. | |
| 250 | _a5th ed. | ||
| 260 |
_aSt. Louis, Mo. : _bMosby/Elsevier, _cc2010. |
||
| 300 |
_a1 v. (various pagings) : _bill. (chiefly col.) ; _c26 cm. + _e1 CD-ROM (4 3/4 in.) |
||
| 500 | _aIncludes index. | ||
| 500 | _aSemi-transparent plastic overlays laid in. | ||
| 505 | 0 | _aAn introduction to the structure and function of the body -- Chemistry of life -- Cells and tissues -- Organ systems of the body -- Mechanisms of disease -- The integumentary system and body membranes -- The skeletal system -- The muscular system -- The nervous system -- The senses -- The endocrine system -- Blood -- The heart and heart disease -- The circulation of the blood -- The lymphatic system and immunity -- The respiratory system -- The digestive system -- Nutrition and metabolism -- The urinary system -- Fluid and electrolyte balance -- Acid-base balance -- The reproductive systems -- Growth and development -- Genetics and genetic diseases. | |
| 650 | 0 | _aHuman physiology. | |
| 650 | 0 | _aHuman anatomy. | |
| 650 | 0 | _aPhysiology, Pathological. | |
| 650 | 1 | 2 | _aPhysiology. |
| 650 | 2 | 2 | _aAnatomy. |
| 650 | 2 | 2 | _aPathology. |
| 700 | 1 |
_aPatton, Kevin T. _95284 |
|
| 942 |
_2ddc _cBOOK |
||
| 999 |
_c26116 _d260616 |
||